| 000 | 00416nam a2200145Ia 4500 | ||
|---|---|---|---|
| 008 | 220214s9999 xx 000 0 und d | ||
| 022 | _a0022-0949 | ||
| 245 | 0 | _aJOURNAL OF EXPERIMENTAL BIOLOGY | |
| 260 |
_bCompany of Biologists Ltd., Essex, England _aUK |
||
| 310 | _a7/y | ||
| 500 | _aEnding Volume & Year: 44, 1966 | ||
| 500 | _aMissing Volume: 43(4) | ||
| 500 | _aStarting Volume & Year: 35, 1958 | ||
| 942 | _cBJ | ||
| 999 |
_c1096 _d1096 |
||